000 00360nam a2200145Ia 4500
008 230917s9999||||xx |||||||||||||| ||und||
040 _e215593
_aMAIN
041 _aEnglish
082 _a589.3 V442B
100 _aVashishta, B R
245 0 _aBotany for degree students: Algae
260 _aNew Delhi
_bS Chand
_c2012
300 _axii, 612 p.
942 _cBK
999 _c179738
_d179738